Countries that border France* - Statistics

General Stats
  • This quiz has been taken 29 times
    5 since last reset
  • The average score is 8 of 11
Answer Stats
Kilometres Miles Country % Correct
730 454 Brazil
100%
55 34 Andorra
75%
556 345 Belgium
75%
418 260 Germany
75%
476 296 Italy
75%
69 43 Luxembourg
75%
6 4 Monaco
75%
646 401 Spain
75%
556 345 Suriname
75%
525 326 Switzerland
75%
16 10 Netherlands (Sint Maarten)
50%
No matching quizzes found
Score Distribution
Percent of People with Each Score
Percentile by Number Answered
Your Score History
You have not taken this quiz since the last reset